000 00440nam a2200145 a 4500
001 000030320
005 20200930060229.0
008 110510s1977 dr c 000 0 spa d
040 _aDO-SdBNP
_bspa
_cBNPHU
082 _axxx
_bG748c
245 0 0 _aGran cruz de la orden de Bernardo O' Higgins al Mayor General Enriquez Pérez y Pérez.
260 _aSanto Domingo :
_bTele-3,
_c1977.
300 _a[26 p.] :
_bretrs. ;
_c22 cm.
049 _aBNPD
999 _c29812
_d29812